书目信息 |
| 题名: |
初中代数学习指导
|
|
| 作者: | 许莼舫 编 | |
| 分册: | ||
| 出版信息: | 北京 中国青年出版社 1984 |
|
| 页数: | 430页 | |
| 开本: | 19cm | |
| 丛书名: | ||
| 单 册: | ||
| 中图分类: | G634.62 , G633.6 | |
| 科图分类: | ||
| 主题词: | 代数--初中--教学参考资料 , 教育--各级 | |
| 电子资源: | ||
| ISBN: | ||
| 000 | 00714nam0 2200265 45 | |
| 001 | 0184004902 | |
| 005 | 20040430140717.5 | |
| 010 | @dCNY1.25 | |
| 091 | @a13009.291 | |
| 100 | @a19950523d1984 demy0chiy0121 ea | |
| 101 | 0 | @achi |
| 102 | @aCN@b110000 | |
| 105 | @ay z 000yy | |
| 106 | @ar | |
| 200 | 10 | @a初中代数学习指导@Achu zhong dai shu xue xi zhi dao@f许莼舫编 |
| 210 | @a北京@c中国青年出版社@d1984 | |
| 215 | @a430页@d19cm | |
| 606 | @a代数@x初中@x教学参考资料 | |
| 606 | 0 | @a教育@x各级 |
| 690 | @aG634.62@v3 | |
| 690 | @aG633.6@v3 | |
| 701 | 0 | @a许莼舫@Axu chun fang@4编 |
| 801 | 0 | @aCN@b上海图书馆@c20040429 |
| 801 | 2 | @aCN@bNLC@c20040429 |
| 905 | @dG633.6@e67@f2@f1@b118502@b118499-500 | |
| 初中代数学习指导/许莼舫编.-北京:中国青年出版社,1984 |
| 430页;19cm |
| ISBN :CNY1.25 |
| ● |
| 相关链接 |
|
|
|
|
正题名:初中代数学习指导
索取号:G633.6/67
 
预约/预借
| 序号 | 登录号 | 条形码 | 馆藏地/架位号 | 状态 | 备注 |
| 1 | 0118499 | 000251140 | 密集书库/ [索取号:G633.6/67] | 在馆 | |
| 2 | 0118500 | 000251159 | 密集书库/ [索取号:G633.6/67] | 在馆 | |
| 3 | 0118501 | 000247478 | 密集书库/ [索取号:G633.6/67] | 在馆 | |
| 4 | 0118502 | 000251131 | 密集书库/ [索取号:G633.6/67] | 在馆 | |
| 5 | 0118503 | 202435640 | 第一样本阅览室/ [索取号:G633.6/67] | 在馆 |